Library and information science in india (Record no. 1931)

MARC details
000 -LEADER
fixed length control field 00603nam a2200217 4500
001 - CONTROL NUMBER
control field 1931
003 - CONTROL NUMBER IDENTIFIER
control field O
005 - DATE AND TIME OF LATEST TRANSACTION
control field 20260410054548.0
008 - FIXED-LENGTH DATA ELEMENTS--GENERAL INFORMATION
fixed length control field 0
020 ## - INTERNATIONAL STANDARD BOOK NUMBER
International Standard Book Number 8120708989
040 ## - CATALOGING SOURCE
Transcribing agency 0
082 ## - DEWEY DECIMAL CLASSIFICATION NUMBER
Edition information 020
Classification number 020 Kumar P. S. G
100 ## - MAIN ENTRY--PERSONAL NAME
Personal name P. S. G. Kumar C. P. Vashishth
245 ## - TITLE STATEMENT
Title Library and information science in india
250 ## - EDITION STATEMENT
Edition statement 0
260 ## - PUBLICATION, DISTRIBUTION, ETC.
Place of publication, distribution, etc. New Delhi
Name of publisher, distributor, etc. Sterling publishers private limited
Date of publication, distribution, etc. 1992
300 ## - PHYSICAL DESCRIPTION
Other physical details 220 pages price, 250
Dimensions 12cm
600 ## - SUBJECT ADDED ENTRY--PERSONAL NAME
Source of heading or term Library information science india
Personal name Library information science india
650 ## - SUBJECT ADDED ENTRY--TOPICAL TERM
Source of heading or term Library information science
942 ## - ADDED ENTRY ELEMENTS (KOHA)
Source of classification or shelving scheme Dewey Decimal Classification
Koha item type Books
Suppress in OPAC No

No items available.